Finland multiple choice (easy) - Statistics

General Stats
  • This quiz has been taken 320 times
  • The average score is 12 of 15
Answer Stats
Question Answer % Correct
Colors of the flag White and blue
100%
Which country is NOT bordering Finland Estonia
97%
What is currency of Finland Euro
97%
What is capital of Finland Helsinki
97%
Population of Finland is about 5,5 million
94%
What are official languages of Finland Finnish and Swedish
94%
What is most popular sport in Finland Ice hockey
94%
What is called northernmost part of Finland Lapland
94%
Who is national composer of Finland Jean Sibelius
91%
Who is ruler of Finland President
86%
What event was hosted by Finland 1952 Summer olympics
83%
What is main religion of Finland Protestant
71%
To which sea Finland had access before World war 2 but not after that Arctic
51%
Who is NOT Finnish Formula 1 World Champion Valtteri Bottas
49%
Which organization Finland is NOT part of NATO
26%
No matching quizzes found
Score Distribution
Percent of People with Each Score
Percentile by Number Answered
Your Score History
You have not taken this quiz